Jean-Michel A-Peu-Près : proverbes & dictons - Statistiques

Statistiques générales
  • Ce quiz a été pris 254 fois
  • Le résultat moyen est 7 sur 10
Statistiques - réponses
Hint Réponse % Correct
Caillou en mouvement ne récupère pas grand chose Pierre qui roule n'amasse pas mousse
91%
Les vêtements ne disent pas qui est un homme d'église L'habit ne fait pas le moine
90%
Pas à proximité de la vue, pas tout près de l'organe cardiaque Loin des yeux loin du coeur
88%
La revanche ne nécessite pas un four La vengeance est un plat qui se mange froid
81%
Des finances bien agencées maintiennent des relations amicales Les bons comptes font les bons amis
78%
Les trucs que dit le gamin, c'est pas si faux La vérité sort de la bouche des enfants
75%
Quand on égare un truc, on en récupère presque une douzaine Un de perdu dix de retrouvés
65%
Les recettes à base d'oeufs sont compliquées sans coquilles ouvertes Il n'y a pas d'omelette sans casser des oeufs
46%
Aussi longtemps que le récipient va au liquide aqueux que par la suite il est cassé. Tant va la cruche à l'eau qu'à la fin elle se brise
29%
La propriété de l'Empereur est à lui Il faut rendre à César ce qui est à César
21%
Aucun quiz correspondant
Distribution des résultats
% des personnes avec chaque résultat
Percentile par nombre de réponses
Votre historique - résultats
Vous n’avez pas pris ce quiz